El hondero entusiasta

Guardado en:
Bibliografiske detaljer
Hovedforfatter: Neruda, Pablo
Format: Bog
Sprog:Undetermined
Udgivet: Santiago, Chile Ercilla 1938
Udgivelse:3
Fag:
Tags: Tilføj Tag
Ingen Tags, Vær først til at tagge denne postø!

MARC

LEADER 00000nam a2200000Ia 4500
008 170316s9999 xx 000 0 und d
040 |a cru BVZT 
090 |a 860 N-5ho 
100 |a Neruda, Pablo 
245 |a El hondero entusiasta 
250 |a 3 
260 |a Santiago, Chile 
260 |b Ercilla 
260 |c 1938 
300 |a 86 páginas 
650 |a LITERATURA LATINOAMERICANA 
999 |c 9008  |d 9008 
942 |c 15 D  |h 860 N-5ho  |2 z